000 00447nam a2200181Ia 4500
001 970
005 20260306140557.0
008 260306t2002||||xx |||||||||||||| ||spa||
041 _aESP
082 _a174.4
_bV64
100 _aVigo Sánchez, Gudelia D.
_eAUT
245 0 _aInfluencia de la ética en la eficacia empresarial
260 _c2002
300 _a147 páginas :
_c20 cm.
650 _aGEN
654 _aCHU
942 _cLIB
_dJUS
_fJUS
_2ddc
_n
999 _c970
_d970